Principios Contables (Registro nro. 1055)
[ vista simple ]
| 000 -LEADER | |
|---|---|
| fixed length control field | 01758 a2200217 4500 |
| 001 - CONTROL NUMBER | |
| control field | 22781 |
| 005 - DATE AND TIME OF LATEST TRANSACTION | |
| control field | 20260407155517.0 |
| 008 - FIXED-LENGTH DATA ELEMENTS--GENERAL INFORMATION | |
| fixed length control field | 260407a1982 arg spa d |
| 003 - CONTROL NUMBER IDENTIFIER | |
| control field | AR-UNSa-BCEJYS |
| 040 ## - CATALOGING SOURCE | |
| Original cataloging agency | AR-UNSa-BCEJYS |
| Language of cataloging | spa |
| Transcribing agency | AR-UNSa-BCEJYS |
| 080 ## - UNIVERSAL DECIMAL CLASSIFICATION NUMBER | |
| Universal Decimal Classification number | 657 |
| Common auxiliary subdivision | Contabilidad |
| 100 1# - MAIN ENTRY--PERSONAL NAME | |
| Personal name | Anthony, Robert N. |
| 245 10 - TITLE STATEMENT | |
| Title | Principios Contables |
| 250 ## - EDITION STATEMENT | |
| Edition statement | 3a. ed |
| 264 #1 - PRODUCTION, PUBLICATION, DISTRIBUTION, MANUFACTURE, AND COPYRIGHT NOTICE | |
| Place of production, publication, distribution, manufacture | Buenos Aires : |
| Name of producer, publisher, distributor, manufacturer | El Ateneo |
| Date of production, publication, distribution, manufacture, or copyright notice | 1982 |
| 300 ## - PHYSICAL DESCRIPTION | |
| Extent | 553 p. |
| Dimensions | 21 cm. |
| 505 ## - FORMATTED CONTENTS NOTE | |
| Formatted contents note | Parte I: Contabilidad patrimonial :1. Índole y objeto de la contabilidad - 2. Conceptos de contabilidad : el balance general - 3. Conceptos contable básicos: el estado de resultado - 4. Registros y sistemas contables - 5. Ingresos y activos monetarios - 6. Costo de la mercadería vendidas e inventarios - 7. Bienes de uso y amortización - 8. Otros gastos y ganancia netas - 9. Pasivo y patrimonio neto - 10. Adquisiciones de derechos de propiedad y estados consolidados - 11. Estados de flujo de caja y de flujo de fondos - 12. Análisis de estados contables - 13. Comprensión de los estados contables - Parte II: Contabilidad gerencial: 14. La naturaleza de la contabilidad gerencial - 15. Fundamentes esenciales de la contabilidad de costo total - 16. Aspectos adicionales de la contabilidad de costos totales - 17. Análisis de las variaciones en producción - 18. Contabilidad diferencial: el comportamiento de los costos - 19. Decisiones alternativas - 20. Decisiones en inversiones de capital - 21. Contabilidad de responsabilidades: estructura y proceso del control administrativo - 22. Programación y preparación del presupuesto - 23. Análisis e información del desempeño - Apéndice. |
| 590 ## - LOCAL NOTE (RLIN) | |
| Local note | niveau_biblio:m niveau_hierar:0 |
| 700 1# - ADDED ENTRY--PERSONAL NAME | |
| Personal name | Reece, James S. |
| 942 ## - ADDED ENTRY ELEMENTS (KOHA) | |
| Koha item type | |
| Withdrawn status | Lost status | Damaged status | Not for loan | Home library | Current library | Shelving location | Date acquired | Total checkouts | Full call number | Barcode | Date last seen | Price effective from | Koha item type |
|---|---|---|---|---|---|---|---|---|---|---|---|---|---|
| Biblioteca Prof. Eusebio Cleto del Rey | Biblioteca Prof. Eusebio Cleto del Rey | 07/04/2026 | 657 A628p | L33860 | 07/04/2026 | 07/04/2026 | Libro | ||||||
| Biblioteca Prof. Eusebio Cleto del Rey | Biblioteca Prof. Eusebio Cleto del Rey | 07/04/2026 | 657 A628p | L33929 | 07/04/2026 | 07/04/2026 | Libro | ||||||
| Biblioteca Prof. Eusebio Cleto del Rey | Biblioteca Prof. Eusebio Cleto del Rey | 07/04/2026 | 657 A628p | L33930 | 07/04/2026 | 07/04/2026 | Libro |